<?xml version="1.0" encoding="UTF-8"?>
<collection xmlns="http://www.loc.gov/MARC21/slim">
 <record>
  <leader>01376nam a22002897a 4500</leader>
  <controlfield tag="001">4146</controlfield>
  <controlfield tag="003">BD-DhAAL</controlfield>
  <controlfield tag="005">20241223105418.0</controlfield>
  <controlfield tag="008">160222b19951929bg a|||| |||| 00| 0 ben d</controlfield>
  <datafield tag="020" ind1=" " ind2=" ">
   <subfield code="a">98444600032</subfield>
  </datafield>
  <datafield tag="040" ind1=" " ind2=" ">
   <subfield code="a">BD-DhAAL</subfield>
   <subfield code="c">BD-DhAAL</subfield>
  </datafield>
  <datafield tag="041" ind1=" " ind2=" ">
   <subfield code="a">ben</subfield>
  </datafield>
  <datafield tag="082" ind1=" " ind2=" ">
   <subfield code="a">891.441</subfield>
   <subfield code="2">23</subfield>
  </datafield>
  <datafield tag="100" ind1=" " ind2=" ">
   <subfield code="a">জসীমউদ্দীন,</subfield>
   <subfield code="d">১৯০৩-১৯৭৬.</subfield>
   <subfield code="9">18108</subfield>
  </datafield>
  <datafield tag="245" ind1=" " ind2=" ">
   <subfield code="a">নক্সী কাঁথার মাঠ /</subfield>
   <subfield code="c">জসীম উদ্‌দীন.</subfield>
  </datafield>
  <datafield tag="246" ind1=" " ind2=" ">
   <subfield code="a">Nakshi-kathar math</subfield>
  </datafield>
  <datafield tag="260" ind1=" " ind2=" ">
   <subfield code="a">ঢাকা :</subfield>
   <subfield code="b">পলাশ প্রকাশনী,</subfield>
   <subfield code="c">১৯৯৫ [ত্রয়োবিংশ মুদ্রণ ২০২২].</subfield>
  </datafield>
  <datafield tag="300" ind1=" " ind2=" ">
   <subfield code="a">৮০ পৃষ্ঠা,</subfield>
   <subfield code="a">৯৩ পৃষ্ঠা :</subfield>
   <subfield code="b">চিত্র ;</subfield>
   <subfield code="c">২২ সে.মি.</subfield>
  </datafield>
  <datafield tag="526" ind1=" " ind2=" ">
   <subfield code="a">GenEd</subfield>
  </datafield>
  <datafield tag="541" ind1=" " ind2=" ">
   <subfield code="a">Development Book Agency</subfield>
   <subfield code="e">4146, 40794</subfield>
  </datafield>
  <datafield tag="650" ind1=" " ind2=" ">
   <subfield code="a">Bengali poetry.</subfield>
   <subfield code="9">18109</subfield>
  </datafield>
  <datafield tag="650" ind1=" " ind2=" ">
   <subfield code="a">Bengali literature.</subfield>
  </datafield>
  <datafield tag="852" ind1=" " ind2=" ">
   <subfield code="a">Ayesha Abed Library</subfield>
   <subfield code="c">General Stacks</subfield>
  </datafield>
  <datafield tag="942" ind1=" " ind2=" ">
   <subfield code="2">ddc</subfield>
   <subfield code="c">BK</subfield>
  </datafield>
  <datafield tag="999" ind1=" " ind2=" ">
   <subfield code="c">36911</subfield>
   <subfield code="d">36911</subfield>
  </datafield>
  <datafield tag="952" ind1=" " ind2=" ">
   <subfield code="0">0</subfield>
   <subfield code="1">0</subfield>
   <subfield code="2">ddc</subfield>
   <subfield code="4">0</subfield>
   <subfield code="6">891_441000000000000_JAS</subfield>
   <subfield code="7">0</subfield>
   <subfield code="9">58115</subfield>
   <subfield code="a">SCL</subfield>
   <subfield code="b">SCL</subfield>
   <subfield code="c">GEN</subfield>
   <subfield code="d">2016-02-22</subfield>
   <subfield code="g">4146.00</subfield>
   <subfield code="l">6</subfield>
   <subfield code="m">18</subfield>
   <subfield code="o">891.441 JAS</subfield>
   <subfield code="p">3020004146</subfield>
   <subfield code="r">2026-04-21</subfield>
   <subfield code="s">2019-05-15</subfield>
   <subfield code="t">1</subfield>
   <subfield code="w">2016-02-22</subfield>
   <subfield code="y">BK</subfield>
  </datafield>
  <datafield tag="952" ind1=" " ind2=" ">
   <subfield code="0">0</subfield>
   <subfield code="1">0</subfield>
   <subfield code="2">ddc</subfield>
   <subfield code="4">0</subfield>
   <subfield code="6">891_441000000000000_JAS</subfield>
   <subfield code="7">0</subfield>
   <subfield code="9">72958</subfield>
   <subfield code="a">SCL</subfield>
   <subfield code="b">SCL</subfield>
   <subfield code="c">GEN</subfield>
   <subfield code="d">2023-01-15</subfield>
   <subfield code="e">Development Book Agency</subfield>
   <subfield code="g">198.00</subfield>
   <subfield code="l">3</subfield>
   <subfield code="m">8</subfield>
   <subfield code="o">891.441 JAS</subfield>
   <subfield code="p">3020040794</subfield>
   <subfield code="r">2026-04-16</subfield>
   <subfield code="s">2026-04-06</subfield>
   <subfield code="t">2</subfield>
   <subfield code="v">198.00</subfield>
   <subfield code="w">2023-01-15</subfield>
   <subfield code="y">BK</subfield>
  </datafield>
 </record>
</collection>
